=LDR 00000nam 2200000 4500 =001 INLIS000000000041973 =005 20130612151457 =008 ***********************************ind** =035 ##$$0010-061300000041973 =041 ##$$a ind =082 ##$$a 320 =090 ##$$a 320, Yud b =100 ##$$a Yuddy Chrisnandi =245 ##$$a Beyond partemen, Yuddy chrisnandi; Editor, Amir =260 ##$$a 2008 $b Jakarta =300 ##$$a Xii,368 hlm., 21 cm =650 ##$$a POLITIK =700 ##$$a Amir =850 ##$$a NBPNMAT